Deux siècles d'opéra français (Record no. 170559)
[ view plain ]
| 000 -LEADER | |
|---|---|
| campo de control de longitud fija | 00771nam a2200181 i 4500 |
| 001 - NÚMERO DE CONTROL | |
| campo de control | 170559 |
| 003 - IDENTIFICADOR DE NÚMERO DE CONTROL | |
| campo de control | ES-MaACL |
| 005 - FECHA Y HORA DE LA ÚLTIMA TRANSACCIÓN | |
| campo de control | 20230906214410.0 |
| 008 - DATOS DE LONGITUD FIJA--INFORMACIÓN GENERAL | |
| campo de control de longitud fija | 090316s1972 fr |||| | fre d |
| 080 ## - NÚMERO DE LA CLASIFICACIÓN DECIMAL UNIVERSAL | |
| Número de la Clasificación Decimal Universal | 782(44) |
| 245 00 - MENCIÓN DEL TÍTULO | |
| Título | Deux siècles d'opéra français |
| Resto del título | : [Exposition organisée à l'occasion du tricentenaire de l'Académie Royale de Musique par la Bibliothèque Nationale, dans la nouvelle Galerie du Musée de l'Opéra]. |
| 246 14 - FORMA VARIANTE DEL TITULO | |
| Título propio/Titulo breve | 2 siècles d'opéra français |
| 260 ## - PUBLICACIÓN, DISTRIBUCIÓN, ETC. | |
| Lugar de publicación, distribución, etc. | Paris : |
| Nombre del editor, distribuidor, etc. | Bibliothèque Nationale, |
| Fecha de publicación, distribución, etc. | 1972. |
| 300 ## - DESCRIPCIÓN FÍSICA | |
| Extensión | 76 p. : |
| Otras características físicas | il. col. y n. ; |
| Dimensiones | 20 x 20 cm. |
| 650 #4 - PUNTO DE ACCESO ADICIONAL DE MATERIA--TÉRMINO DE MATERIA | |
| Término de materia o nombre geográfico como elemento de entrada | Ópera- |
| Subdivisión geográfica | Francia. |
| 9 (RLIN) | 15710 |
| 710 2# - ENTRADA AGREGADA--NOMBRE DE ENTIDAD CORPORATIVA | |
| Nombre de entidad corporativa o nombre de jurisdicción como elemento de entrada | Bibliothèque nationale de France. |
| 9 (RLIN) | 2217 |
| 852 4# - LOCALIZACIÓN | |
| Ubicación | ES-MaACL |
| Número de control de estantería | E-12515 |
| itemnumber | R.140113 |
| Nota libre | . - Biblioteca Jacinto Martínez Lacalle |
| Estatus retirado | Estado de pérdida | Estado de daño | No para préstamo | Biblioteca de origen | Biblioteca actual | Ubicación en estantería | Fecha de adquisición | Fuente de adquisición | Total de préstamos | Signatura topográfica completa | Código de barras | Visto por última vez | Precio de reemplazo | Tipo de ítem Koha |
|---|---|---|---|---|---|---|---|---|---|---|---|---|---|---|
| Biblioteca del Ateneo de Madrid | Biblioteca del Ateneo de Madrid | Depósito 2 | 16/03/2009 | E-12515 | 1178991 | 23/02/2023 | 23/02/2023 | Libro impreso |
